000 01346nas a2200349 i 4500
001 1438
003 ES-MaACL
005 20250806014148.0
007 t|
008 950801c1975 sp r p 0 1 |spa d
022 _a0304-5412
080 _a(460)
080 _a61
245 0 0 _aMedicine.
246 3 _aMedicine :
_bprograma de formación médica continuada acreditado
246 3 _aMedicine (Madrid)
246 3 _aTratado de medicina interna Medicine
250 _aEd. española.
260 _aMadrid :
_bIDEPSA,
_c1975-
300 _a40 v. ;
_c28 cm.
310 _a30 números al año
362 0 _aN. 1 (1975)-
500 _aDesde enero de 2001 (8ª serie) lo publica la Editorial Doyma (Barcelona)
515 _aLa publicación aparece en ediciones y/o series de 4 años de duración, con subtítulos y numeración diferenciados en cada una de las mismas.
530 _aDesde 1996 (7ª serie, n. 1) se edita un CD-ROM anual con los artículos publicados en la revista en ed. facsímil.
530 _aDisponible en formato digital desde 2000 (v. 8, n. 1)
650 7 _aMedicina interna
_2embne
_914925
852 4 _aES-MaACL
_jHEM-H-469
856 4 _uhttps://www.sciencedirect.com/journal/medicine-programa-de-formacion-medica-continuada-acreditado
_zMedicine
866 0 _o(1986)1987-2005.
999 _c1438
_d1438